000 00315nam a22001457a 4500
003 OSt
020 _aNA
040 _c0
082 _222
_a658.4038
100 _aKelkar, S. A.
245 _aInformation technology project management /
260 _bPrentice Hall,
_cc2005.
300 _a0
_bill. ;
942 _2ddc
_cMAG
999 _c4351
_d4351